Jóvenes de hoy : (Record no. 210941)
[ view plain ]
| 000 -CABECERA | |
|---|---|
| campo de control de longitud fija | 00832nam a22002537a 4500 |
| 003 - IDENTIFICADOR DEL NÚMERO DE CONTROL | |
| campo de control | MX-MxUPN |
| 005 - FECHA Y HORA DE LA ÚLTIMA TRANSACCIÓN | |
| campo de control | 20240815121553.0 |
| 008 - ELEMENTOS DE LONGITUD FIJA--INFORMACIÓN GENERAL | |
| campo de control de longitud fija | 240209b |||||||| |||| 00| 0 spa d |
| 020 ## - NÚMERO INTERNACIONAL NORMALIZADO PARA LIBROS | |
| Número Internacional Estándar del Libro | 9688603562 |
| 040 ## - FUENTE DE LA CATALOGACIÓN | |
| Centro catalogador/agencia de origen | MX-MxUPN |
| Lengua de catalogación | spa |
| Centro/agencia transcriptor | MX-MxUPN |
| 041 0# - CÓDIGO DE IDIOMA | |
| Código de lengua del texto/banda sonora o título independiente | spa |
| 050 14 - SIGNATURA TOPOGRÁFICA DE LA BIBLIOTECA DEL CONGRESO | |
| Número de clasificación | HQ799 M6 |
| Número de documento/Ítem | L45 1990 |
| 100 1# - ASIENTO PRINCIPAL--NOMBRE PERSONAL | |
| Nombre de persona | Leñero Otero, Luis, |
| Fechas asociadas al nombre | 1934- |
| 9 (RLIN) | 28983 |
| 100 1# - ASIENTO PRINCIPAL--NOMBRE PERSONAL | |
| Nombre de persona | Fernández R., Ma. Estela |
| 9 (RLIN) | 53049 |
| 245 10 - MENCIÓN DE TÍTULO | |
| Título | Jóvenes de hoy : |
| Resto del título | perfiles de conducta masculina : datos y comentarios útiles para agentes de promoción juvenil |
| 250 ## - MENCIÓN DE EDICIÓN | |
| Mención de edición | Primera edición |
| 260 ## - PUBLICACIÓN, DISTRIBUCIÓN, ETC. | |
| Lugar de publicación, distribución, etc. | México, D.F.: |
| Nombre del editor, distribuidor, etc. | Pax-México, |
| Fecha de publicación, distribución, etc. | 1990 |
| 300 ## - DESCRIPCIÓN FÍSICA | |
| Extensión | 179 páginas |
| 650 #4 - ASIENTO SECUNDARIO DE MATERIA - TERMINO TEMATICO | |
| Término de materia o nombre geográfico como elemento de entrada | Juventud |
| Subdivisión geográfica | México |
| 9 (RLIN) | 14335 |
| 650 #4 - ASIENTO SECUNDARIO DE MATERIA - TERMINO TEMATICO | |
| Término de materia o nombre geográfico como elemento de entrada | Juventud |
| Subdivisión geográfica | México |
| Subdivisión general | Condiciones sociales |
| 9 (RLIN) | 20156 |
| 902 ## - ELEMENTOS DE DATOS B LOCAL, LDB (RLIN) | |
| Creó | LC090224 |
| Modificó | Víctor Ruiz/150824 |
| 942 ## - ELEMENTOS DE PUNTO DE ACCESO ADICIONAL (KOHA) | |
| Fuente del sistema de clasificación o colocación | Library of Congress Classification |
| Tipo de ítem Koha | Libro |
| Suprimir en OPAC | No |
| Estado de retiro | Estado de pérdida | Fuente del sistema de clasificación o colocación | Estado dañado | No para préstamo | Código de colección | Localización permanente | Ubicación/localización actual | Ubicación en estantería | Fecha de adquisición | Clasificación | Código de barras | Fecha visto por última vez | Precio válido a partir de | Tipo de ítem Koha |
|---|---|---|---|---|---|---|---|---|---|---|---|---|---|---|
| Library of Congress Classification | Colección General | Bib. Gregorio Torres Quintero | Bib. Gregorio Torres Quintero | Planta baja | 09/02/2024 | HQ799 M6 L45 1990 | 338064 | 09/02/2024 | 09/02/2024 | Libro |
